[Event "TCh-RUS Rapid 2017"]
[Site "Sochi RUS"]
[Date "2017.10.04"]
[Round "7.1"]
[Board "2"]
[White "Sjugirov, Sanan"]
[Black "Khismatullin, Denis"]
[Result "1/2-1/2"]
[WhiteTitle "GM"]
[BlackTitle "GM"]
[WhiteElo "2650"]
[BlackElo "2628"]
[WhiteTeam "Friends of Ivan Bukavshin (Samara)"]
[BlackTeam "Ugra (Khanty-Mansi Autonomous District)"]
[WhiteFideId "4189302"]
[BlackFideId "4142578"]
[EventDate "2017.10.03"]

1. d4 Nf6 2. c4 e6 3. Nc3 Bb4 4. Qc2 O-O 5. a3 Bxc3+ 6. Qxc3 b6 7. Bg5 Bb7 8. e3
d6 9. f3 Nbd7 10. Nh3 c5 11. dxc5 bxc5 12. Bd3 a5 13. b3 Qb6 14. O-O h6 15. Bh4
a4 16. Rfb1 axb3 17. Rxb3 Qc7 18. a4 Ra7 19. a5 Rfa8 20. Nf2 Bc6 21. Rba3 d5 22.
Be2 d4 23. exd4 cxd4 24. Qxd4 Rxa5 25. Rxa5 Rxa5 26. Rxa5 Qxa5 27. Nd1 Nc5 28.
Qc3 Qa2 29. Qb2 Qa5 30. Qc3 Qa2 31. Kf1 Nfd7 32. Bf2 Qb1 33. Qb2 Qf5 34. Qa3 Qe5
35. h3 Ba4 36. Qe3 Qa1 37. Qc3 Qb1 38. Qb2 Qf5 39. Nc3 Bc2 40. g4 Qg6 41. Bxc5
Nxc5 42. Qb8+ Kh7 43. Qe5 Nd3 44. Qe3 Nb4 45. Qb6 Nd3 46. Qd6 e5 47. Qxg6+ Kxg6
48. Nd5 Kg5 49. Kg2 Nc5 50. Kg3 f5 51. h4+ Kg6 52. gxf5+ Bxf5 53. f4 Be6 54. h5+
Kf5 55. Bg4+ Ke4 56. Bf3+ Kd4 57. fxe5 Kxe5 58. Nb6 Bf7 59. Bg4 Ne4+ 60. Kh4 Kd4
61. Be2 Nf6 62. Nc8 Be6 63. Ne7 Ke3 64. Bf1 Kd4 65. Be2 Ne4 66. Nc6+ Ke3 67. Bf1
Nd6 68. Kg3 Ne4+ 69. Kh4 Nd6 70. Kg3 Nxc4 71. Bxc4 Bxc4 72. Ne5 Be6 73. Kh4 Ke4
74. Nc6 Bd7 75. Nb4 Ba4 76. Kg4 Be8 77. Kh4 Kd4 78. Nc2+ Kd3 79. Ne1+ Ke4 80.
Kg4 Ba4 81. Kh4 Bd1 82. Ng2 Be2 83. Ne1 Bd1 84. Ng2 Kf3 85. Ne1+ Ke3 86. Ng2+
Ke4 87. Ne1 Bb3 88. Ng2 Bc2 89. Kg3 Bd1 90. Kh4 Kf3 91. Ne1+ Ke3 92. Ng2+ Ke4
93. Ne1 Be2 94. Ng2 Bf1 95. Ne1 Bc4 96. Kg4 Bb3 97. Kh4 Ke3 98. Ng2+ Kf3 99.
Ne1+ Ke4 100. Kg4 Bd5 101. Ng2 Be6+ 102. Kg3 Bf7 103. Kg4 Bc4 104. Ne1 Bb5 105.
Ng2 Bd7+ 106. Kg3 Kf5 107. Kh4 Be6 108. Ne3+ Kf4 109. Nf1 Bc4 110. Ng3 Bd3 111.
Nh1 Be4 112. Ng3 Bf3 113. Nf1 Be2 114. Ng3 Bd3 115. Nh1 Bb5 116. Ng3 1/2-1/2

[Event "TCh-RUS Rapid 2017"]
[Site "Sochi RUS"]
[Date "2017.10.04"]
[Round "7.1"]
[Board "3"]
[White "Pridorozhni, Aleksei"]
[Black "Predke, Alexandr"]
[Result "1-0"]
[WhiteTitle "GM"]
[BlackTitle "GM"]
[WhiteElo "2565"]
[BlackElo "2601"]
[WhiteTeam "Ugra (Khanty-Mansi Autonomous District)"]
[BlackTeam "Friends of Ivan Bukavshin (Samara)"]
[WhiteFideId "4127870"]
[BlackFideId "24107581"]
[EventDate "2017.10.03"]

1. e4 e5 2. Nc3 Nf6 3. g3 Bb4 4. Bg2 Bxc3 5. bxc3 d6 6. d3 Nc6 7. Nf3 h6 8. O-O
Bg4 9. h3 Be6 10. c4 Qd7 11. Kh2 g5 12. Ng1 O-O-O 13. Ne2 Rdg8 14. Nc3 h5 15.
Nd5 Rh6 16. c3 Ne7 17. Be3 Kb8 18. Qd2 Nh7 19. Rfb1 c6 20. Nxe7 Qxe7 21. a4 c5
22. a5 h4 23. g4 f6 24. Bf3 Nf8 25. Bd1 Ng6 26. Ba4 Rc8 27. Rb2 Rh7 28. Bd1 Ka8
29. Qc2 Qd8 30. Qb1 Rcc7 31. Qa2 Ne7 32. Ba4 Nc8 33. f3 Ne7 34. Kg2 Ng6 35. Kf2
Rhg7 36. Ke1 Rh7 37. Rab1 Ne7 38. Bd1 Nc8 39. Be2 Kb8 40. Qa3 Rhe7 41. Rc1 Qg8
42. Qa2 Rc6 43. Rb3 Rcc7 44. Rb5 Red7 45. d4 a6 46. Rb2 Bf7 47. Qa4 Qd8 48. Rd1
Be8 49. Qa3 Qe7 50. Rbd2 Na7 51. dxc5 dxc5 52. Rd5 Rxd5 53. Rxd5 Nc8 54. Bxc5
Qe6 55. Qb4 Bd7 56. Bd6 Nxd6 57. Rxd6 Qe7 58. c5 Ka8 59. Bc4 Bc6 60. Be6 Qe8 61.
c4 Qe7 62. Qb6 Kb8 63. Kd2 Qe8 64. Kc3 Qe7 65. Bd5 Bd7 66. Kb4 f5 67. exf5 e4
68. Bxe4 Qe5 69. Kb3 Qa1 70. c6 Bxc6 71. Rd8+ Rc8 72. Rxc8+ Kxc8 73. Bxc6 Qd1+
74. Kc3 Qa1+ 75. Kd3 Qa3+ 76. Kd4 Qd6+ 77. Bd5 Qf4+ 78. Be4 Qd2+ 79. Ke5 Qc3+
80. Ke6 Qxc4+ 81. Kf6 Qc3+ 82. Kg6 1-0

[Event "TCh-RUS Rapid 2017"]
[Site "Sochi RUS"]
[Date "2017.10.04"]
[Round "7.1"]
[Board "4"]
[White "Yuffa, Daniil"]
[Black "Iljiushenok, Ilia"]
[Result "1/2-1/2"]
[WhiteTitle "GM"]
[BlackTitle "IM"]
[WhiteElo "2527"]
[BlackElo "2519"]
[WhiteTeam "Friends of Ivan Bukavshin (Samara)"]
[BlackTeam "Ugra (Khanty-Mansi Autonomous District)"]
[WhiteFideId "24131423"]
[BlackFideId "24105074"]
[EventDate "2017.10.03"]

1. d4 Nf6 2. c4 g6 3. g3 Bg7 4. Bg2 O-O 5. Nc3 d6 6. Nf3 Nc6 7. O-O a6 8. Bf4
Rb8 9. Rc1 Bd7 10. Qd2 Re8 11. d5 Na5 12. b3 b5 13. cxb5 axb5 14. Nd4 b4 15. Na4
e5 16. dxe6 fxe6 17. Nc2 Bxa4 18. bxa4 Nc4 19. Qd3 d5 20. Nd4 Qd7 21. Rxc4 dxc4
22. Qxc4 Rbd8 23. Nc6 Ra8 24. Ne5 Qxa4 25. Bxa8 Qxa8 26. Qxc7 Nd5 27. Qf7+ Kh8
28. Rd1 g5 29. e4 gxf4 30. exd5 Bxe5 31. dxe6 fxg3 32. hxg3 Rf8 33. Qh5 Bf6 34.
Rd7 Qe4 35. Rf7 Bg7 36. Rxf8+ Bxf8 37. Qf7 Qe1+ 38. Kg2 Qe4+ 39. Kh2 Qa8 40. e7
Bxe7 41. Qxe7 Qxa2 42. Qf8+ Qg8 43. Qxb4 Qf7 44. Qd4+ Kg8 45. Kg2 Qf5 46. g4 Qe6
47. Kg3 Kf7 48. Qf4+ Kg6 49. Qe3 Qd6+ 50. f4 Qd5 51. Qb6+ Kg7 52. Qc7+ Kg6 53.
f5+ Kf6 54. Qb6+ Kf7 55. Qc7+ Kf6 56. Qc3+ Kf7 57. Kf4 Qd6+ 58. Qe5 Qd2+ 59. Kg3
Qg5 60. Qc7+ Kg8 61. Qc8+ Kg7 62. Qd7+ Kg8 63. Qe6+ Kg7 64. Qe5+ Kf7 65. Qd5+
Kg7 66. Qd4+ Kf7 67. Qf4 Kf6 68. Qd4+ Kf7 69. Qd5+ Kg7 70. Qd7+ Kg8 71. Kf3 h6
72. Qc8+ Kg7 73. Qc7+ Kg8 74. Qf4 Qf6 75. Qb8+ Kg7 76. Qc7+ Kg8 77. Qc8+ Kg7 78.
Qd7+ Kf8 79. Qd5 Qg5 80. Qe5 Kf7 81. Qe6+ Kg7 82. Qe8 Qf6 83. Qd7+ Kf8 84. Qc8+
Kg7 85. Qc7+ Kg8 86. Qc4+ Kg7 87. Qc7+ Kg8 88. Qf4 Kg7 89. Kg3 Qc3+ 90. Kh2 Qb2+
91. Kh3 Qc3+ 92. Qg3 Qc6 93. Qe5+ Kf7 94. Kg3 Qd7 95. Qf4 Kg7 96. Qe3 Qd6+ 97.
Kh3 Kf7 98. Qb3+ Kf6 99. Qc3+ Kf7 100. Qe3 Kg7 101. Qe4 Kf6 102. Qe3 Kg7 103.
Kh4 Qh2+ 104. Qh3 Qe5 105. Qg3 Qe7+ 106. Kh3 Qc5 107. Qd3 Qc6 108. Qd4+ Kf7 109.
Kg3 Qc7+ 110. Qf4 Qc6 111. Qe5 Qd7 112. Qh8 Qd6+ 113. Kh3 Qf4 114. Qh7+ Kf8 115.
Qh8+ Kf7 116. Qh7+ Kf8 117. Qa7 Qf3+ 118. Kh4 Qh1+ 119. Kg3 Qe1+ 120. Qf2 Qe5+
121. Qf4 Qe1+ 122. Qf2 Qe5+ 123. Kh3 Qc3+ 124. Qg3 1/2-1/2

[Event "TCh-RUS Rapid 2017"]
[Site "Sochi RUS"]
[Date "2017.10.04"]
[Round "7.2"]
[Board "2"]
[White "Artemiev, Vladislav"]
[Black "Alekseev, Evgeny"]
[Result "1/2-1/2"]
[WhiteTitle "GM"]
[BlackTitle "GM"]
[WhiteElo "2696"]
[BlackElo "2622"]
[WhiteTeam "Rook (Republic of Tatarstan)"]
[BlackTeam "SDYUSSHOR ShSh (St. Petersburg)"]
[WhiteFideId "24101605"]
[BlackFideId "4138147"]
[EventDate "2017.10.03"]

1. Nf3 c5 2. e4 e6 3. g3 Nc6 4. Bg2 Nf6 5. Qe2 e5 6. O-O Be7 7. c3 O-O 8. Na3 d6
9. d3 h6 10. Nc4 Re8 11. Nh4 Bf8 12. Ne3 g6 13. a3 Be6 14. f4 exf4 15. gxf4 Nh5
16. Nhf5 d5 17. Qf3 d4 18. Nd5 Nf6 19. Ng3 Bxd5 20. exd5 Na5 21. Rb1 Nb3 22. c4
Nxc1 23. Rbxc1 Re3 24. Qd1 Bd6 25. b4 b6 26. bxc5 bxc5 27. Ne4 Nh5 28. Qg4 Nf6
29. Qd1 Nh5 30. Qg4 Nf6 31. Qd1 1/2-1/2

[Event "TCh-RUS Rapid 2017"]
[Site "Sochi RUS"]
[Date "2017.10.04"]
[Round "7.2"]
[Board "3"]
[White "Usmanov, Vasily"]
[Black "Timofeev, Artyom"]
[Result "0-1"]
[WhiteTitle "IM"]
[BlackTitle "GM"]
[WhiteElo "2463"]
[BlackElo "2549"]
[WhiteTeam "SDYUSSHOR ShSh (St. Petersburg)"]
[BlackTeam "Rook (Republic of Tatarstan)"]
[WhiteFideId "4135741"]
[BlackFideId "4140419"]
[EventDate "2017.10.03"]

1. d4 d5 2. Nf3 Nf6 3. c4 dxc4 4. Qa4+ Nfd7 5. g3 g6 6. Bg2 Bg7 7. O-O O-O 8.
Qxc4 Nb6 9. Qc2 Nc6 10. e3 e5 11. dxe5 Nxe5 12. Nxe5 Bxe5 13. Nc3 c6 14. b3 Nd5
15. Nxd5 Bxa1 16. Ba3 Bf6 17. Nxf6+ Qxf6 18. Bxf8 Kxf8 19. Qc5+ Kg7 20. Rd1 Be6
21. Rd4 Qf5 22. Qxf5 Bxf5 23. g4 Be6 24. Rb4 Bc8 25. g5 h6 26. h4 hxg5 27. hxg5
a5 28. Ra4 Bd7 29. f4 Kf8 30. Kf2 b5 31. Rd4 Ke7 32. e4 Rc8 33. Ke3 Rc7 34. e5
c5 35. Rd6 c4 36. bxc4 bxc4 37. Kd2 c3+ 38. Kc1 Rc4 39. Bd5 Rxf4 40. Kc2 Rf5 41.
Rf6 Rxe5 42. Rxf7+ Ke8 43. Bc4 Re3 44. Rf6 Bf5+ 45. Rxf5 gxf5 46. g6 Kf8 0-1

[Event "TCh-RUS Rapid 2017"]
[Site "Sochi RUS"]
[Date "2017.10.04"]
[Round "7.2"]
[Board "4"]
[White "Sharafiev, Azat"]
[Black "Palchun, Grigory"]
[Result "0-1"]
[WhiteTitle "IM"]
[WhiteElo "2432"]
[BlackElo "2441"]
[WhiteTeam "Rook (Republic of Tatarstan)"]
[BlackTeam "SDYUSSHOR ShSh (St. Petersburg)"]
[WhiteFideId "4186214"]
[BlackFideId "24147338"]
[EventDate "2017.10.03"]

1. Nf3 Nf6 2. c4 e6 3. g3 b6 4. Bg2 Bb7 5. O-O Be7 6. Nc3 O-O 7. Re1 d5 8. cxd5
exd5 9. d4 Nbd7 10. Bf4 c6 11. Ne5 Nxe5 12. dxe5 Ne8 13. Qd2 Nc7 14. Rad1 Ne6
15. g4 f6 16. e3 Nxf4 17. exf4 fxe5 18. fxe5 Bg5 19. Qd3 Bf4 20. e6 Qd6 21. h3
Rae8 22. Qe2 Re7 23. a3 Rfe8 24. Qf3 Rxe6 25. Rxe6 Rxe6 26. b4 Be5 27. Qd3 a5
28. b5 d4 29. bxc6 Bxc6 30. Nb5 Bxb5 31. Qxb5 Re7 32. Qd5+ Qxd5 33. Bxd5+ Kf8
34. a4 Rd7 35. Bc4 Ke7 36. Kf1 g5 37. Rb1 d3 38. Ke1 d2+ 39. Kd1 Rd6 40. Rb5 Bf4
41. Bb3 Rc6 42. Bc2 Re6 0-1

[Event "TCh-RUS Rapid 2017"]
[Site "Sochi RUS"]
[Date "2017.10.04"]
[Round "7.3"]
[Board "2"]
[White "Riazantsev, Alexander"]
[Black "Grachev, Boris"]
[Result "1/2-1/2"]
[WhiteTitle "GM"]
[BlackTitle "GM"]
[WhiteElo "2666"]
[BlackElo "2645"]
[WhiteTeam "Sima-Land Urals"]
[BlackTeam "Legends of Moscow (Moscow)"]
[WhiteFideId "4125029"]
[BlackFideId "4129199"]
[EventDate "2017.10.03"]

1. d4 d5 2. c4 e6 3. Nc3 Nf6 4. Nf3 Nbd7 5. e3 Be7 6. b3 O-O 7. Bd3 b6 8. cxd5
exd5 9. O-O Bb7 10. Bb2 a6 11. Ne5 c5 12. f4 Ne4 13. a4 Ndf6 14. Rc1 cxd4 15.
exd4 Bb4 16. Qe2 Qe7 17. Nxe4 Nxe4 18. Nc6 Bxc6 19. Rxc6 a5 20. Rfc1 Rfe8 21. g3
Qd8 22. Qg4 Bd2 23. R1c2 Qe7 24. Rc7 Qf8 25. Bxe4 Be3+ 26. Kg2 Rxe4 27. Rc8 Rxc8
28. Rxc8 Re8 29. Ba3 Rxc8 30. Bxf8 Rxf8 31. f5 g6 32. Kf3 Bh6 33. Qh4 Bg7 34. f6
Bh8 35. g4 h6 36. Qxh6 Bxf6 37. Qf4 Bg7 38. Ke2 Re8+ 39. Kd3 Re6 40. Qb8+ Bf8
41. Qa8 Rd6 42. Ke3 Kg7 43. Kf3 g5 44. h3 Be7 45. Qe8 Bf6 46. Kg2 Re6 47. Qd7
Bxd4 48. Qxd5 Bf6 49. Qd3 Be7 50. Qc3+ Bf6 51. Qd3 Be7 52. Qd5 Re2+ 53. Kf3 Re6 1/2-1/2

[Event "TCh-RUS Rapid 2017"]
[Site "Sochi RUS"]
[Date "2017.10.04"]
[Round "7.3"]
[Board "3"]
[White "Popov, Ivan RUS"]
[Black "Rublevsky, Sergei"]
[Result "1/2-1/2"]
[WhiteTitle "GM"]
[BlackTitle "GM"]
[WhiteElo "2609"]
[BlackElo "2683"]
[WhiteTeam "Legends of Moscow (Moscow)"]
[BlackTeam "Sima-Land Urals"]
[WhiteFideId "4170350"]
[BlackFideId "4115309"]
[EventDate "2017.10.03"]

1. e4 c5 2. Nf3 e6 3. d4 cxd4 4. Nxd4 Nc6 5. Nc3 a6 6. Be3 Nf6 7. Qf3 Bb4 8.
Nxc6 bxc6 9. Qg3 O-O 10. Bd3 Nh5 11. Qf3 g6 12. O-O d5 13. Rad1 Qf6 14. Qxf6
Nxf6 15. exd5 cxd5 16. Na4 a5 17. c4 dxc4 18. Bxc4 Ba6 19. Bxa6 Rxa6 20. Bd4 Nd5
21. Rc1 Rd8 22. Rc2 Bf8 23. Rfc1 Rad6 24. Bc5 Rc6 25. Bxf8 Rxc2 26. Rxc2 Nb4 27.
Rc1 Kxf8 28. a3 Nd3 29. Rd1 Ke7 30. Kf1 e5 31. Rd2 Rd4 32. Nc3 f5 33. f3 Ke6 34.
Nb5 Rd7 35. g3 e4 36. fxe4 fxe4 37. Re2 Ke5 38. Nc3 Rd4 39. Kg2 g5 40. Kf1 Rc4
41. Kg2 g4 42. h3 h5 43. hxg4 hxg4 44. Nd1 Rc1 45. Ne3 Ne1+ 46. Kf2 Nd3+ 47. Kg2
Kd4 48. Nf5+ Ke5 49. Ne3 Rb1 50. Nxg4+ Kd4 51. b4 axb4 52. axb4 Rxb4 53. Nf2
Nxf2 54. Kxf2 Rb3 55. Rd2+ Ke5 56. Ra2 Kf5 57. Ra8 Rb2+ 58. Ke3 Rb3+ 1/2-1/2

[Event "TCh-RUS Rapid 2017"]
[Site "Sochi RUS"]
[Date "2017.10.04"]
[Round "7.3"]
[Board "4"]
[White "Shirov, Alexei"]
[Black "Kobalia, Mikhail"]
[Result "1/2-1/2"]
[WhiteTitle "GM"]
[BlackTitle "GM"]
[WhiteElo "2630"]
[BlackElo "2596"]
[WhiteTeam "Sima-Land Urals"]
[BlackTeam "Legends of Moscow (Moscow)"]
[WhiteFideId "2209390"]
[BlackFideId "4119150"]
[EventDate "2017.10.03"]

1. e4 e5 2. Nf3 Nc6 3. Bb5 a6 4. Ba4 d6 5. O-O Bd7 6. d4 b5 7. Bb3 Nxd4 8. Nxd4
exd4 9. c3 d3 10. Qxd3 Nf6 11. f4 Be6 12. Bxe6 fxe6 13. a4 Rb8 14. axb5 axb5 15.
Nd2 Be7 16. Nf3 Qd7 17. Ng5 O-O 18. Qh3 e5 19. Qxd7 Nxd7 20. Ne6 Rfc8 21. Ra7
exf4 22. Nxc7 Bd8 23. Nd5 Nf6 24. Nxf6+ Bxf6 25. Bxf4 Rc6 26. Rd7 Re8 27. Bxd6
Rxe4 28. Ba3 Re5 29. Rfd1 h5 30. R7d5 Rce6 31. Rxe5 Rxe5 32. Kf2 Kf7 33. Rd3
Rf5+ 34. Ke2 Rg5 35. g3 h4 36. Bd6 hxg3 37. Bxg3 b4 38. cxb4 Bxb2 39. Rb3 Bd4
40. Kd3 Bb6 41. Kc4 Ke6 42. Rd3 Bg1 43. Rd6+ Kf7 44. Rd1 Be3 45. Rf1+ Kg6 46.
Rf3 Bg1 47. b5 Rc5+ 48. Kb4 Rc1 49. Bf4 Bc5+ 50. Kb3 Rb1+ 51. Kc4 Ba7 52. Be5
Rc1+ 53. Rc3 Re1 54. Kd5 Rb1 55. Kc6 Bf2 56. Bc7 Rb2 57. h3 Bd4 58. Rd3 Bf2 59.
b6 Rc2+ 60. Kb7 Rb2 61. Kc8 Bxb6 62. Rd6+ Kh5 63. Bxb6 Kh4 64. Bd4 Rc2+ 65. Kd7
Kxh3 66. Bxg7 Kg4 67. Ke6 Re2+ 68. Be5 Re4 69. Rd3 Kg5 70. Rd8 Kg4 71. Rg8+ Kf3
72. Kf5 Rc4 73. Rg3+ Ke2 74. Bf4 Rc5+ 75. Kg4 Rc2 76. Re3+ Kf2 77. Re4 Ra2 78.
Bg3+ Kg2 79. Be5 Kf2 80. Bd4+ Kg2 81. Re1 Rd2 82. Be3 Rd8 83. Re2+ Kf1 84. Rc2
Rf8 85. Bf4 Ke1 86. Kf3 Rd8 87. Rc1+ Rd1 88. Rc8 Rd7 89. Rc2 Rd8 90. Rh2 Kd1 91.
Ke4 Re8+ 92. Be5 Kc1 93. Kd5 Kd1 94. Kd4 Ke1 95. Ra2 Kf1 96. Ke4 Ke1 97. Kf4 Kd1
98. Bd4 Re2 99. Ra1+ Kd2 100. Be3+ Kc3 101. Ke4 Rc2 102. Bd4+ Kc4 103. Ra6 Re2+
104. Be3 Rc2 105. Rb6 Rc3 106. Bd4 Rc2 107. Rc6+ Kb3 108. Rh6 Kc4 109. Rh5 Re2+
110. Be3 Rc2 111. Rd5 Rc3 112. Bd2 Rc2 113. Rd8 Kb5 114. Rb8+ Kc4 1/2-1/2

[Event "TCh-RUS Rapid 2017"]
[Site "Sochi RUS"]
[Date "2017.10.04"]
[Round "7.4"]
[Board "1"]
[White "Rakhmanov, Aleksandr"]
[Black "Moskalenko, Alexander"]
[Result "1-0"]
[WhiteTitle "GM"]
[BlackTitle "IM"]
[WhiteElo "2654"]
[BlackElo "2522"]
[WhiteTeam "The team of the Vologda region"]
[BlackTeam "AQ (Krasnodar Territory)"]
[WhiteFideId "4173708"]
[BlackFideId "4155351"]
[EventDate "2017.10.03"]

1. d4 Nf6 2. c4 e6 3. Nc3 Bb4 4. e3 O-O 5. Bd3 d5 6. Ne2 b6 7. cxd5 exd5 8. a3
Bd6 9. b4 c6 10. b5 Bb7 11. bxc6 Nxc6 12. Ng3 Rc8 13. Nce2 Re8 14. O-O Na5 15.
Nf5 Bf8 16. Bd2 Nc4 17. Bb4 Nb2 18. Qb1 Nxd3 19. Qxd3 Rc4 20. Nfg3 Qd7 21. Nf4
g6 22. Bxf8 Kxf8 23. Qe2 Ba6 24. Qf3 Kg7 25. Nd3 Qg4 26. Qxg4 Nxg4 27. Nb4 Bb7
28. Ne2 Nf6 29. Nf4 g5 30. Nfd3 Rc3 31. Ne5 Ne4 32. Rfd1 a5 33. Nbd3 Ba6 34. Ne1
f6 35. Nd7 Re6 36. Rdb1 b5 37. h3 Rc7 38. Nc5 Nxc5 39. dxc5 Rxc5 40. Nf3 Rb6 41.
Nd4 Rc4 42. Kh2 Kg6 43. h4 h5 44. Kg3 b4 45. axb4 Rcxb4 46. Rc1 a4 47. Rc7 Bc4
48. Nc6 Rxc6 49. Rxc6 gxh4+ 50. Kh3 Bb3 51. f3 d4 52. exd4 Rxd4 53. Ra6 Kf7 54.
Rc1 Bc4 55. Ra5 Kg6 56. Kh2 Bb3 57. Rc6 Rf4 58. Ra7 Rf5 59. Rcc7 Rg5 60. Rg7+
Kh6 61. Rgd7 Kg6 62. Rd4 h3 63. Kxh3 Rc5 64. Ra6 Rf5 65. Rdd6 Rf4 66. Ra7 h4 67.
Rc6 Bd5 68. Rcc7 Be6+ 69. Kh2 Bb3 70. Rg7+ Kf5 71. Ra5+ Ke6 72. Kh3 Kd6 73. Rga7
Be6+ 74. Kh2 Bb3 75. R7a6+ Ke7 76. Rb6 Kf7 77. Ra7+ Kg6 78. Kh3 Kh6 79. Rbb7
Be6+ 80. g4 hxg3+ 81. Kxg3 Rd4 82. Rh7+ Kg6 83. Rag7+ 1-0

[Event "TCh-RUS Rapid 2017"]
[Site "Sochi RUS"]
[Date "2017.10.04"]
[Round "7.4"]
[Board "2"]
[White "Vastrukhin, Oleg"]
[Black "Rozum, Ivan"]
[Result "1/2-1/2"]
[BlackTitle "GM"]
[WhiteElo "2386"]
[BlackElo "2586"]
[WhiteTeam "AQ (Krasnodar Territory)"]
[BlackTeam "The team of the Vologda region"]
[WhiteFideId "4192770"]
[BlackFideId "24104272"]
[EventDate "2017.10.03"]

1. Nf3 Nf6 2. g3 b6 3. Bg2 Bb7 4. O-O g6 5. d3 c5 6. e4 d6 7. a4 a6 8. e5 dxe5
9. Nxe5 Bxg2 10. Kxg2 Qd5+ 11. Qf3 Qxf3+ 12. Kxf3 Nfd7 13. Nxd7 Kxd7 14. Bd2 Nc6
15. Bc3 e5 16. Nd2 Bd6 17. Nc4 Bc7 18. Rfe1 Rhe8 19. b3 b5 20. Ne3 Ke6 21. Kg2
f5 22. h4 Nd4 23. b4 cxb4 24. Bxb4 Bd6 25. Bc3 Bc5 26. axb5 axb5 27. Reb1 f4 28.
Bxd4 Bxd4 29. Rxa8 Rxa8 30. gxf4 exf4 31. Nd1 Ra1 32. Rxa1 Bxa1 33. c3 Kf5 34.
Kf3 h6 35. d4 g5 36. hxg5 hxg5 37. Ke2 g4 38. Kd3 g3 39. fxg3 fxg3 40. Ne3+ Kf4
41. d5 Ke5 42. d6 Ke6 43. Kc2 Kd7 44. Kb3 Kc6 45. Kc2 Kd7 46. Kb3 Ke6 47. Kc2
Kxd6 1/2-1/2

[Event "TCh-RUS Rapid 2017"]
[Site "Sochi RUS"]
[Date "2017.10.04"]
[Round "7.4"]
[Board "3"]
[White "Moiseenko, Vadim"]
[Black "Oganian, Miran"]
[Result "1-0"]
[WhiteTitle "IM"]
[BlackTitle "IM"]
[WhiteElo "2543"]
[BlackElo "2454"]
[WhiteTeam "The team of the Vologda region"]
[BlackTeam "AQ (Krasnodar Territory)"]
[WhiteFideId "4123700"]
[BlackFideId "4122488"]
[EventDate "2017.10.03"]

1. e4 c5 2. Nf3 d6 3. d4 cxd4 4. Nxd4 Nf6 5. Nc3 a6 6. Be3 e5 7. Nf3 Be7 8. Bc4
O-O 9. O-O Qc7 10. Bb3 Be6 11. Qe2 Rc8 12. Ng5 Bc4 13. Bxc4 Qxc4 14. Rfe1 Qxe2
15. Rxe2 Rc4 16. Nf3 h6 17. Nd2 Rc6 18. f3 Nbd7 19. Nb3 Rac8 20. Rd1 b5 21. a3
Kf8 22. g3 Bd8 23. Rdd2 Bb6 24. Bxb6 Nxb6 25. Na5 Nc4 26. Nxc6 Rxc6 27. Nd1 Nxd2
28. Rxd2 Ke7 29. Ne3 g6 30. Kf2 Ke6 31. Nd5 Nd7 32. Nb4 Rb6 33. g4 a5 34. Nd5
Rc6 35. h4 Nb6 36. b3 a4 37. h5 gxh5 38. gxh5 Nd7 39. f4 exf4 40. Nxf4+ Ke7 41.
Nd5+ Ke6 42. Nf4+ Ke7 43. Nd5+ Ke6 44. Ke2 axb3 45. cxb3 Nc5 46. Ke3 Nxb3 47.
Rf2 Rc4 48. Rf6+ Ke5 49. Rf5+ Ke6 50. Nf4+ Ke7 51. Nd5+ Ke6 52. Nf4+ Ke7 53. e5
dxe5 54. Rxe5+ Kf8 55. Rxb5 Nd4 56. Rb8+ Kg7 57. Kd3 Nc6 58. Kxc4 Nxb8 59. Nd5
f5 60. Kc5 Kf7 61. Kd6 f4 62. Nxf4 Kf6 63. Ne6 Na6 64. a4 Kf5 65. a5 Kf6 66. Nc7
Nb8 67. Ne6 Na6 68. Nc5 Nb4 69. Nd3 Na6 70. Kc6 Nb8+ 71. Kc7 Na6+ 72. Kb7 1-0

[Event "TCh-RUS Rapid 2017"]
[Site "Sochi RUS"]
[Date "2017.10.04"]
[Round "7.4"]
[Board "4"]
[White "Utnasunov, Alexander"]
[Black "Gogolev, Artem"]
[Result "1-0"]
[WhiteElo "2446"]
[BlackElo "2427"]
[WhiteTeam "AQ (Krasnodar Territory)"]
[BlackTeam "The team of the Vologda region"]
[WhiteFideId "4134524"]
[BlackFideId "4116615"]
[EventDate "2017.10.03"]

1. d4 Nf6 2. c4 e6 3. Nc3 Bb4 4. f3 d5 5. a3 Bxc3+ 6. bxc3 O-O 7. cxd5 exd5 8.
e3 c5 9. Bd3 b6 10. Ne2 Ba6 11. O-O Bxd3 12. Qxd3 Re8 13. Ng3 Nc6 14. Bb2 h5 15.
Rae1 Qd7 16. e4 dxe4 17. fxe4 Rad8 18. Rxf6 gxf6 19. Nxh5 Qd6 20. Qf3 cxd4 21.
Nxf6+ Kf8 22. Nxe8 Rxe8 23. cxd4 Nxd4 24. Qh5 Ne6 25. Qh8+ Ke7 26. Qf6+ Kd7 27.
Qxf7+ Re7 28. Qf5 Kc6 29. h4 Nf4 30. Rc1+ 1-0

[Event "TCh-RUS Rapid 2017"]
[Site "Sochi RUS"]
[Date "2017.10.04"]
[Round "7.5"]
[Board "1"]
[White "Kezin, Roman"]
[Black "Dubov, Daniil"]
[Result "1/2-1/2"]
[WhiteTitle "FM"]
[BlackTitle "GM"]
[WhiteElo "2455"]
[BlackElo "2677"]
[WhiteTeam "Novosibirsk State Technical University"]
[BlackTeam "Fighters for the Idea (Moscow)"]
[WhiteFideId "24124621"]
[BlackFideId "24126055"]
[EventDate "2017.10.03"]

1. d4 d5 2. c4 c6 3. Nc3 Nf6 4. e3 g6 5. Nf3 Bg7 6. Bd3 O-O 7. h3 c5 8. O-O dxc4
9. Bxc4 Nbd7 10. Qe2 cxd4 11. exd4 Nb6 12. Bb3 Nfd5 13. Re1 Be6 14. Bg5 Re8 15.
Ne4 Nc7 16. Nc5 Bxb3 17. axb3 Qd5 18. Qe4 Qxe4 19. Rxe4 Nbd5 20. Nxb7 Ne6 21.
Bh4 Rec8 22. Ra5 Rab8 23. Rxd5 Rxb7 24. Ra5 Bf8 25. d5 Rc1+ 26. Re1 Rxe1+ 27.
Nxe1 Nd4 28. b4 Rxb4 29. Rxa7 Rxb2 30. Nf3 Nf5 31. Bg5 f6 32. Bd2 Rb5 33. Ra5
Rb1+ 34. Kh2 Kf7 35. g4 Nd6 36. Ra4 Rb5 37. Rd4 Ke8 38. Bf4 Kd7 39. Kg2 Nc8 40.
g5 Nb6 41. gxf6 exf6 42. d6 Nd5 43. Bg3 Bxd6 44. Rh4 h5 45. Ra4 Bc5 46. Rc4 Bb6
47. Rc2 g5 48. Rd2 Ke6 49. Re2+ Kf7 50. Rd2 Kg6 51. Rc2 Ne7 52. Rd2 Nf5 53. Ra2
Rb3 54. Rd2 Rb1 55. Rc2 Rb3 56. Rd2 h4 57. Bh2 g4 58. hxg4 h3+ 59. Kf1 Rxf3 60.
gxf5+ Kxf5 61. Bg3 Rc3 62. Rb2 Bc5 63. Ra2 Ke4 64. Ra4+ Bd4 65. Rb4 f5 66. Ra4
Rc1+ 67. Ke2 Rc2+ 68. Kf1 f4 69. Rxd4+ Kxd4 70. Bxf4 Ke4 71. Be3 Rc8 72. Kg1
Rg8+ 73. Kh2 Kf3 74. Bd4 Rg6 75. Be3 Kg4 76. Bc5 Rc6 77. Be3 Rd6 78. Bc5 Rd7 79.
Be3 Kf3 80. Bc5 Rd1 81. Be3 Rf1 82. Bc5 Rd1 83. Be3 Rd8 84. Bb6 Rd7 85. Be3 Rg7
86. Bd4 Rg8 87. Be3 Rg6 88. Bd4 Ke4 89. Be3 Rg2+ 90. Kxh3 Kf3 91. Kh4 Rxf2 92.
Bxf2 1/2-1/2

[Event "TCh-RUS Rapid 2017"]
[Site "Sochi RUS"]
[Date "2017.10.04"]
[Round "7.5"]
[Board "2"]
[White "Morozevich, Alexander"]
[Black "Antonenko, Vladimir"]
[Result "1-0"]
[WhiteTitle "GM"]
[BlackTitle "FM"]
[WhiteElo "2665"]
[BlackElo "2330"]
[WhiteTeam "Fighters for the Idea (Moscow)"]
[BlackTeam "Novosibirsk State Technical University"]
[WhiteFideId "4116992"]
[BlackFideId "24159409"]
[EventDate "2017.10.03"]

1. e4 c5 2. Nf3 Nc6 3. d4 cxd4 4. Nxd4 e6 5. Nc3 Qc7 6. Be3 a6 7. Qf3 Nxd4 8.
Bxd4 b5 9. Qg3 Qxg3 10. hxg3 Bb7 11. f3 Ne7 12. O-O-O Nc6 13. Be3 Ne5 14. Kb1
Bb4 15. Bd4 f6 16. a4 Nc6 17. axb5 Nxd4 18. Rxd4 Bxc3 19. bxc3 axb5 20. Bxb5 Bc8
21. c4 Ra7 22. Kb2 Ke7 23. Rhd1 Rc7 24. Kb3 Rd8 25. Rd6 Bb7 26. Kb4 h6 27. c5 e5
28. c4 h5 29. Ka5 Ba8 30. c6 Bxc6 31. Bxc6 Rxc6 32. Rxc6 dxc6 33. Rxd8 Kxd8 34.
Kb6 1-0